| 000 | 00818nam a2200205Ii 4500 | ||
|---|---|---|---|
| 003 | JO-AjNU | ||
| 008 | 230605s9999||||xx |||||||||||||| ||und|| | ||
| 040 |
_aJO-AjNU _bara _erda _cJO-AjNU |
||
| 041 | _aara | ||
| 050 | 1 | 4 | _aHF5686.H75.M3486 2009 |
| 100 | 3 |
_aتاليف الملكاوي، عمر جوابره م.مشارك منير محمد جرادات، م.مشارك قصي قحطان خليفة, _eauthor _951363 |
|
| 245 | 0 | 0 | _aمبادىء محاسبة المنشآت السياحية والفندقية |
| 250 | _aط1 | ||
| 264 | 3 | 1 | _aعمان: مؤسسة الوراق للنشر والتوزيع، 2009 |
| 300 | _a320ص | ||
| 336 |
_atext _btxt _2rdacontent |
||
| 337 |
_aunmediated _bn _2rdamedia |
||
| 338 |
_avolume _bnc _2rdacarrier |
||
| 650 | 4 |
_aالسياحة والفندقة - محاسبة _951364 |
|
| 999 |
_aA22682 _c26250 _d26250 |
||